Effective english: for Business cimmunication (Record no. 2196)

MARC details
005 - DATE AND TIME OF LATEST TRANSACTION
control field 20250508125653.0
020 ## - INTERNATIONAL STANDARD BOOK NUMBER
International Standard Book Number 76-110736
082 ## - DEWEY DECIMAL CLASSIFICATION NUMBER
Classification number LECT 651.7 AUR
100 ## - MAIN ENTRY--PERSONAL NAME
Author name AURNER, R. R.
245 ## - TITLE STATEMENT
Title Effective english: for Business cimmunication
250 ## - EDITION STATEMENT
Edition statement 6th Ed.
260 ## - PUBLICATION, DISTRIBUTION, ETC.
Place of publication, distribution, etc. Chicago,
Name of publisher, distributor, etc. South-Western Publishing Company,
Date of publication, distribution, etc. 1970.
300 ## - PHYSICAL DESCRIPTION
Extent viii, 680p.: ill.; figures, pictures, table
Other physical details index,
Dimensions 23cm,
700 ## - ADDED ENTRY--PERSONAL NAME
Other authors/Editors BURTNESS, P. S.
942 ## - ADDED ENTRY ELEMENTS (KOHA)
Source of classification or shelving scheme Dewey Decimal Classification
Koha item type Books
Holdings
Date last seen Total checkouts Full call number Barcode Cost, replacement price Price effective from Koha item type Lost status Source of classification or shelving scheme Damaged status Not for loan Withdrawn status Home library Current library Shelving location Date acquired Cost, normal purchase price
05/08/2025   LECT 651.7 AUR 0000008494 30000.00 05/08/2025 Books   Dewey Decimal Classification       College of Business Education Main Library College of Business Education Main Library General Collection 03/06/1998 10000.00
05/08/2025   LECT 651.7 AUR 0000008495 30000.00 05/08/2025 Books   Dewey Decimal Classification       College of Business Education Main Library College of Business Education Main Library General Collection 03/06/1998 10000.00
05/08/2025   LECT 651.7 AUR 0000008496 30000.00 05/08/2025 Books   Dewey Decimal Classification       College of Business Education Main Library College of Business Education Main Library General Collection 03/06/1998 10000.00